Ajuntament de Canet de Mar : memòria de l'administració municipal de la vila corresponent a l'any 1934 memòria de l'administració municipal de la vila corresponent a l'any 1934
Descripción Física:
[14] p. ; 22 cm
Materias:
Canet de Mar (Catalunya). -- Ajuntament
MARC
| LEADER | 00000nam a2200000Ia 4500 | ||
|---|---|---|---|
| 001 | 22563 | ||
| 008 | 160829s1935 xx 000 0 cat d | ||
| 080 | |a RF-15-103 | ||
| 245 | |a Ajuntament de Canet de Mar : |b memòria de l'administració municipal de la vila corresponent a l'any 1934 | ||
| 260 | |a Canet de Mar : |b Arts Gràfiques Gelabert, |c 1935 | ||
| 300 | |a [14] p. ; |c 22 cm | ||
| 590 | |a Prové de 4275, exp. 17 | ||
| 610 | 1 | 0 | |a Canet de Mar (Catalunya). |b Ajuntament |9 51925 |
| 710 | 1 | |a Canet de Mar (Catalunya). |b Ajuntament |9 51925 | |
| 856 | 4 | |u https://media.diba.cat/diba/fitxers/arxiu/fulletons/bib_22563_1935_baixa.pdf |y Accés lliure | |
| 856 | 4 | |u https://media.diba.cat/diba/fitxers/arxiu/fulletons/bib_22563_1935_baixa.pdf |y Accés lliure | |
| 901 | |a Arxiu | ||
| 942 | |n 1 |2 udc | ||
| 952 | |0 0 |1 0 |4 0 |6 RF15103 |7 1 |9 53999 |a Arxiu |b Arxiu |d 2016-12-01 |l 0 |o RF-15-103 |p 22563 |r 2016-12-01 00:00:00 |w 2016-12-01 |y ARXIU | ||
| 999 | |c 57867 |d 57867 | ||
| 900 | |a bib_22563_1935_baixa.pdf | ||